000 00310nam a2200121Ia 4500
008 240731s9999 xx 000 0 und d
022 _a1996-2126
245 0 _aSouth African Journal on Human Rights
260 _bRoutledge
856 _uhttps://www.tandfonline.com/loi/rjhr20
942 _2ddc
942 _cTFEJ
999 _c79475
_d79475
945 _a1
_bMadushi Gamage
_c1
_dMadushi Gamage